Statistics for Football in London Quiz

Click here to take the quiz!

General Stats

  • This quiz has been taken 16 times
  • The average score is 10 of 16

Answer Stats

HintAnswer% Correct
Premier LeagueChelsea
100%
Premier LeagueArsenal
94%
Premier LeagueWest Ham United
94%
Premier LeagueCrystal Palace
88%
Premier LeagueFulham
88%
Premier LeagueTottenham Hotspur
75%
ChampionshipMillwall
75%
ChampionshipQueens Park Rangers
75%
Football League OneCharlton Athletic
75%
Football League OneAFC Wimbledon
63%
ChampionshipBrentford
56%
National LeagueBarnet
56%
National LeagueLeyton Orient
50%
National LeagueDagenham & Redbridge
19%
National LeagueBromley
6%
National LeagueSutton United
0%

Score Distribution

Percentile by Number Answered

Percent of People with Each Score

Your Score History

You have not taken this quiz